000
00318nam a22001337a 4500
020
_a
9690004689
040
_c
NUST
082
_a
297
_b
SHA
100
_a
Shamas Warsi
_9
125032
245
_a
Hazrat Mujaddid Alf Sani
260
_a
Lahore;
_b
Ferosz Sons,
_c
2000.
650
_2
Hazrat Mujaddid Alf Sani
942
_2
ddc
_c
BK
999
_c
610798
_d
610798